LDR 00835naa#a2200169#i#450# 001 RU\\bibl\121953 005 20260512012355.2 011 ## _a2658-638X 100 ## _a20260319b2026####ek#y0rusy0150####ca 102 ## _aRU 200 1# _aСпецифика взаимосвязей показателей регулятивного компонента структуры профессионального самосознания курсантов _eЖурнальная статья 210 1# _aМосква _cМосковский университет МВД России имени В.Я. Кикотя _d2026 215 ## _a6 с. 608 ## _aЖурнальная статья _2local 675 ## _aФилософия. Психология. 1 _z 700 #1 _aШарафутдинова _gНаталья Владимировна 856 4# _amosumvd.editorum.ru _u